00461cam a2200157 a 4500020001500000040001100015041000800026082002600034100001900060245003200079260004200111300002900153500004400182500005100226650002600277 a2738410162 cSzGBNU1 heng a630 PAN 1991 A046 Or.1 aKerkhof, Paul.10aAgroforesterie en Afrique / aParis :bPanos :bL'Harmattan,c1991. a253 p. :bill. ;c25 cm. aTranslation of: Agroforestry in Africa. aIncludes bibliographical references and index. 0aAgroforestry projects